UBT Library

Issues in contemporary macroeconomics& distribution (Record no. 40477)

000 -LEADER
fixed length control field 00303nam a22001217a 4500
008 - FIXED-LENGTH DATA ELEMENTS--GENERAL INFORMATION
fixed length control field 180118b xxu||||| |||| 00| 0 eng d
041 ## - LANGUAGE CODE
Language code of text/sound track or separate title eng
080 ## - UNIVERSAL DECIMAL CLASSIFICATION NUMBER
Universal Decimal Classification number 330.101.541 FEI
100 ## - Rafti
Rafti 52
101 ## - Shkurtesa
Shkurtesa MAK
245 ## - TITLE STATEMENT
Title Issues in contemporary macroeconomics& distribution
Statement of responsibility, etc Feiwel,G.R
942 ## - ADDED ENTRY ELEMENTS (KOHA)
Source of classification or shelving scheme
Item type Books
Holdings
Withdrawn status Lost status Source of classification or shelving scheme Damaged status Not for loan Collection code Permanent location Current location Shelving location Date acquired Total Checkouts Full call number Barcode Date last seen Price effective from Koha item type
          Koleksioni i përgjithshem UBT - Lipjan UBT - Lipjan Koleksioni i përgjithshem 01/18/2018   330.101.541 FEI 002-2995779 01/18/2018 01/18/2018 Books
UBT Library © 2015-2024. All rights reserved University Education for Business and Technology